[Event "London Classic Open 2015"]
[Site "London ENG"]
[Date "2015.12.09"]
[Round "7.94"]
[White "Millward, Kevin P"]
[Black "Reutimann, Hans Peter"]
[Result "1-0"]
[WhiteElo "1980"]
[BlackElo "1717"]
[WhiteFideId "404721"]
[BlackFideId "1313886"]
[EventDate "2015.12.04"]

1. d4 e6 2. Bf4 d5 3. e3 Nf6 4. Nf3 c5 5. c3 Nc6 6. Nbd2 Qb6 7. Qb3 c4 8. Qc2
Ne7 9. h3 Ng6 10. Bh2 Bd6 11. Ne5 Qc7 12. Nxg6 hxg6 13. Bxd6 Qxd6 14. e4 Qc6 15.
e5 Nh7 16. Be2 Bd7 17. O-O O-O 18. f4 Be8 19. Rae1 f5 20. exf6 gxf6 21. g4 Qd7
22. Nf3 Qg7 23. g5 fxg5 24. fxg5 Rf5 25. h4 Rf4 26. Qd2 Re4 27. Bd1 Bc6 28. Rxe4
dxe4 29. Ne5 Rf8 30. Rxf8+ Nxf8 31. Kh2 Qc7 32. Bg4 Bd5 33. Qf2 Qg7 34. Kg3 Nd7
35. Qf4 Nxe5 36. Qxe5 Qxe5+ 37. dxe5 Kf7 38. Kf4 a5 39. Ke3 b6 40. Bd1 b5 41. a3
Bc6 42. Bc2 1-0

[Event "London Classic Open 2015"]
[Site "London ENG"]
[Date "2015.12.09"]
[Round "7.96"]
[White "Thatte, Nishchal"]
[Black "Skutta, Bernd"]
[Result "0-1"]
[WhiteElo "1203"]
[BlackElo "1973"]
[WhiteFideId "447234"]
[BlackFideId "4666950"]
[EventDate "2015.12.04"]

1. e4 d6 2. d4 Nf6 3. Nc3 Nbd7 4. Nf3 e5 5. Bc4 Be7 6. O-O Nb6 7. Bb3 exd4 8.
Qxd4 O-O 9. Bd2 Nfd7 10. a3 Bf6 11. Qe3 Nc5 12. Ba2 Re8 13. Nd1 Nxe4 14. Re1 Bf5
15. Qf4 Qd7 16. Ne3 Bg6 17. Ba5 Bxb2 18. Rab1 Bc3 19. Bxc3 Nxc3 20. Ra1 Nxa2 21.
Rxa2 Re4 22. Qg5 Rae8 23. h3 d5 24. Raa1 Qd6 25. Qg3 Qxg3 26. fxg3 c5 27. Nf1
Re2 28. c3 Kf8 29. Rac1 R8e6 30. N1d2 Ke7 31. Rf1 Na4 32. Nb3 b6 33. Nfd4 cxd4
34. Nxd4 R6e3 35. Nxe2 Rxe2 36. Rfd1 Be4 37. Kf1 Rxg2 38. Rd4 Rh2 39. Rcd1 Nxc3
40. R1d2 Rxd2 41. Rxd2 Kd6 42. Kf2 Kc5 43. Ke3 Kc4 44. g4 Kb3 45. h4 Kxa3 46. h5
b5 47. Kd4 b4 48. Rf2 Nb5+ 49. Ke3 b3 50. Kd2 b2 51. Rf1 Nd4 52. Kc3 Nb3 53.
Rxf7 b1=N# 0-1

[Event "London Classic Open 2015"]
[Site "London ENG"]
[Date "2015.12.09"]
[Round "7.97"]
[White "Prior, Stephen C V"]
[Black "Opasiak, Dustin Tennessee"]
[Result "1-0"]
[WhiteElo "1959"]
[BlackElo "1782"]
[WhiteFideId "423378"]
[BlackFideId "24630217"]
[EventDate "2015.12.04"]

1. c4 e5 2. g3 Nf6 3. Bg2 Nc6 4. Nc3 Bb4 5. Nd5 a5 6. a3 Be7 7. d3 d6 8. Nf3 O-O
9. O-O Be6 10. Nd2 Qd7 11. Nxf6+ Bxf6 12. Ne4 Be7 13. Nc3 Bh3 14. Nd5 Bxg2 15.
Kxg2 Nd4 16. e3 Ne6 17. d4 c6 18. Nb6 Qc7 19. Nxa8 Rxa8 20. b3 f5 21. f4 Rd8 22.
Bb2 g6 23. Qc2 e4 24. Rac1 Nf8 25. d5 c5 26. Qc3 Kf7 27. g4 fxg4 28. f5 1-0

[Event "London Classic Open 2015"]
[Site "London ENG"]
[Date "2015.12.09"]
[Round "7.98"]
[White "De Lagontrie, Jean"]
[Black "Jacob, Sydney J"]
[Result "0-1"]
[WhiteElo "1776"]
[BlackElo "1884"]
[WhiteFideId "605271"]
[BlackFideId "419338"]
[EventDate "2015.12.04"]

1. d4 g6 2. c4 Bg7 3. Nc3 c5 4. d5 Bxc3+ 5. bxc3 f5 6. Nf3 Qa5 7. Qc2 d6 8. h3
Nd7 9. Bf4 Ngf6 10. e3 Nb6 11. Bd3 Bd7 12. O-O Ne4 13. Bxe4 fxe4 14. Nd2 Qa4 15.
Qb3 g5 16. Bh2 h5 17. Nxe4 Qxc4 18. Qxc4 Nxc4 19. Nxg5 h4 20. e4 Bb5 21. a4 Ba6
22. Rfe1 Rh5 23. f4 O-O-O 24. Ra2 Rf8 25. Rf2 b5 26. axb5 Bxb5 27. Ne6 Rg8 28.
f5 Rh6 29. Bf4 Rh7 30. Rb1 a6 31. Ra2 Kb7 32. e5 dxe5 33. Nxc5+ Kb6 34. Nd7+ Kc7
35. Nxe5 Nxe5 36. Bxe5+ Kd7 37. Rxb5 axb5 38. Ra7+ Ke8 39. d6 exd6 40. Rxh7 dxe5
41. Rxh4 Kf7 42. g4 Rc8 43. g5 Rxc3 44. Kg2 Rc2+ 45. Kf3 Rc3+ 46. Ke2 Rg3 47.
Kf2 Rxg5 48. Rb4 Rxf5+ 49. Ke3 Rh5 50. Rxb5 Rxh3+ 51. Ke4 Rh4+ 52. Ke3 Ke6 53.
Rb6+ Kf5 54. Rb5 Rh3+ 55. Ke2 Kf4 56. Rb4+ e4 57. Kf2 Rh2+ 58. Kg1 Rd2 59. Ra4
Kf3 60. Ra8 Rd7 61. Kh2 e3 62. Rf8+ Ke2 63. Kg2 Rd5 64. Re8 Rg5+ 65. Kh2 Kf3 66.
Rf8+ Ke4 67. Re8+ Re5 68. Rxe5+ Kxe5 69. Kg2 Ke4 70. Kf1 Kf3 0-1

[Event "London Classic Open 2015"]
[Site "London ENG"]
[Date "2015.12.09"]
[Round "7.99"]
[White "Chen, Yi Jing Alvin"]
[Black "Shah, Dipak K"]
[Result "1-0"]
[WhiteElo "1621"]
[BlackElo "1837"]
[WhiteFideId "5804051"]
[BlackFideId "425842"]
[EventDate "2015.12.04"]

1. Nf3 d5 2. d4 Nf6 3. g3 Nc6 4. Bg2 Bf5 5. O-O e6 6. c3 Bd6 7. Nbd2 Ne7 8. Qb3
b6 9. Qa4+ c6 10. Ne5 Qc7 11. Ndf3 h6 12. Be3 O-O 13. Rac1 Nd7 14. Nxd7 Qxd7 15.
c4 dxc4 16. Qxc4 b5 17. Qb3 a5 18. Nh4 Bh7 19. Qd1 a4 20. Bd2 f5 21. e3 Ra6 22.
Qh5 g5 23. Nf3 Kg7 24. Ne1 g4 25. h3 Bg6 26. Qh4 h5 27. Qg5 Nd5 28. e4 fxe4 29.
Bxe4 Ne7 30. Bxg6 Nxg6 31. Qh6+ Kf7 32. Qh7+ Ke8 33. Qxg6+ Kd8 34. h4 Bxg3 35.
Qg5+ Kc8 36. fxg3 Qxd4+ 37. Be3 Rxf1+ 38. Kxf1 Qe4 39. Qg8+ 1-0

[Event "London Classic Open 2015"]
[Site "London ENG"]
[Date "2015.12.09"]
[Round "7.100"]
[White "Fontaine, Olivier"]
[Black "Knudsen, Andre"]
[Result "1/2-1/2"]
[WhiteElo "1826"]
[BlackElo "1756"]
[WhiteFideId "666548"]
[BlackFideId "1723650"]
[EventDate "2015.12.04"]

1. d4 Nf6 2. Bg5 Ne4 3. Bf4 d5 4. e3 e6 5. f3 Nd6 6. Nc3 c6 7. Bd3 b5 8. Nge2 g5
9. Bg3 Nc4 10. Bxc4 bxc4 11. O-O Bg7 12. Qd2 f5 13. Rad1 O-O 14. e4 f4 15. Bf2
Nd7 16. exd5 cxd5 17. Na4 Rb8 18. b3 Qc7 19. Nec3 cxb3 20. cxb3 Ba6 21. Ne2 Qd6
22. Rc1 Rbc8 23. Rxc8 Rxc8 24. Rc1 Rxc1+ 25. Nxc1 e5 26. dxe5 Nxe5 27. Bxa7 Nc6
28. Bf2 Qe5 29. Nc5 Bc8 30. Qe1 Qxe1+ 31. Bxe1 Bd4+ 32. Bf2 Be3 33. N1d3 Kf8 34.
Kf1 Ke7 35. Ke2 Nd4+ 36. Kd1 Kd6 37. b4 g4 38. Ke1 gxf3 39. Bxe3 fxe3 40. gxf3
Nxf3+ 41. Ke2 Nxh2 42. Kxe3 h5 43. Kf4 Nf1 44. Kg5 Ng3 45. Kh4 Ne4 46. Kxh5 Nc3
47. a4 Na2 48. b5 Nb4 49. Kg5 Nxd3 50. Nxd3 Bd7 51. Kf4 Kc7 52. Ke5 Bxb5 53.
axb5 Kb6 1/2-1/2

[Event "London Classic Open 2015"]
[Site "London ENG"]
[Date "2015.12.09"]
[Round "7.102"]
[White "Ettu, Kore"]
[Black "Hung, Jake"]
[Result "1-0"]
[WhiteElo "1816"]
[BlackElo "1650"]
[WhiteFideId "439932"]
[BlackFideId "426431"]
[EventDate "2015.12.04"]

1. e4 c6 2. d4 d5 3. e5 Bf5 4. Bd3 Bxd3 5. Qxd3 e6 6. Ne2 Bb4+ 7. c3 Be7 8. Qg3
Bf8 9. O-O g6 10. Na3 Bg7 11. Nc2 Ne7 12. Ne3 Nd7 13. Nf4 Qc7 14. Bd2 O-O-O 15.
Rfc1 h6 16. c4 Nxe5 17. cxd5 exd5 18. dxe5 Bxe5 19. Ng4 Nf5 20. Qf3 Nh4 21. Qe3
Bxb2 22. Qxa7 Bxa1 23. Rxa1 g5 24. Nd3 Qb8 25. Qa3 f5 26. Nge5 Rde8 27. Nf7 Re2
28. Nxh8 Rxd2 29. Qf8+ Kc7 30. Qe7+ Kc8 31. Nf7 1-0

[Event "London Classic Open 2015"]
[Site "London ENG"]
[Date "2015.12.09"]
[Round "7.104"]
[White "Bin-Suhayl, Ieysaa"]
[Black "Mohnblatt, Daniel"]
[Result "1-0"]
[WhiteElo "1828"]
[BlackElo "1766"]
[WhiteFideId "429031"]
[BlackFideId "648582"]
[EventDate "2015.12.04"]

1. d4 Nf6 2. c4 e6 3. Nc3 Bb4 4. e3 b6 5. Bd3 Bb7 6. Ne2 c5 7. O-O Bxc3 8. Nxc3
Nc6 9. Ne4 Nxe4 10. Bxe4 f5 11. Bf3 Na5 12. b3 Qc7 13. Bb2 O-O 14. dxc5 bxc5 15.
Bxb7 Nxb7 16. Qf3 d6 17. Rfe1 e5 18. Qd5+ Kh8 19. Bc3 a5 20. a3 Rac8 21. Red1
Qf7 22. f4 Qxd5 23. Rxd5 e4 24. h3 Kg8 25. g4 g6 26. Kf2 fxg4 27. hxg4 h6 28.
Rh1 Kh7 29. Kg3 Rce8 30. Rd2 h5 31. Rd5 Re6 32. gxh5 Kg8 33. Rg5 Nd8 34. hxg6 1-0

[Event "London Classic Open 2015"]
[Site "London ENG"]
[Date "2015.12.09"]
[Round "7.105"]
[White "Fernandez Aransay, Fernando"]
[Black "Chilton, James I"]
[Result "0-1"]
[WhiteElo "1826"]
[BlackElo "1742"]
[WhiteFideId "2216280"]
[BlackFideId "423009"]
[EventDate "2015.12.04"]

1. e4 c5 2. Nf3 e6 3. d4 cxd4 4. Nxd4 a6 5. Nc3 Nc6 6. Nxc6 bxc6 7. Bd3 d5 8.
Qe2 d4 9. Nb1 e5 10. O-O Ne7 11. f4 exf4 12. Bxf4 Ng6 13. Bg3 Bc5 14. Nd2 O-O
15. Nc4 Be6 16. Kh1 Ra7 17. Rae1 Re7 18. a3 f5 19. b4 f4 20. Bf2 f3 21. gxf3 Nf4
22. Qd1 Bd6 23. Nxd6 Qxd6 24. e5 Qd7 25. Bxd4 Bd5 26. Bc5 Qh3 27. Rf2 Nxd3 28.
Qxd3 Rxf3 29. Qxd5+ cxd5 30. Rg2 Ref7 31. Reg1 Rf1 32. e6 Rxg1+ 33. Kxg1 Qxe6 0-1

[Event "London Classic Open 2015"]
[Site "London ENG"]
[Date "2015.12.09"]
[Round "7.106"]
[White "Miu, Marinel"]
[Black "Kazmierczak, Ewa"]
[Result "1-0"]
[WhiteElo "1820"]
[BlackElo "1599"]
[WhiteFideId "1220691"]
[BlackFideId "1154877"]
[EventDate "2015.12.04"]

1. e3 e5 2. d4 exd4 3. exd4 d5 4. Bd3 Bd6 5. Ne2 Ne7 6. Ng3 Nd7 7. O-O O-O 8.
Nc3 c6 9. Bg5 Qc7 10. Re1 Ng6 11. Qh5 Bf4 12. Be7 Nf6 13. Bxf6 gxf6 14. Nce2 Be6
15. Nxf4 Qxf4 16. Rxe6 fxe6 17. Bxg6 hxg6 18. Qxg6+ Kh8 19. Nh5 Qg5 20. Qxg5
fxg5 21. Re1 Rae8 22. g4 Kh7 23. Kg2 Kg6 24. Kg3 Re7 25. f4 Rfe8 26. Re5 gxf4+
27. Nxf4+ Kf6 28. h4 b5 29. b4 Rb8 30. g5+ Kf7 31. Kg4 Rb6 32. h5 Ra6 33. h6
Rxa2 34. h7 Re8 35. Rxe6 Rc8 36. Rxc6 Rh8 37. Rc7+ 1-0

[Event "London Classic Open 2015"]
[Site "London ENG"]
[Date "2015.12.09"]
[Round "7.107"]
[White "Haddock, Paul"]
[Black "Turner, David J"]
[Result "0-1"]
[WhiteElo "1623"]
[BlackElo "1811"]
[WhiteFideId "419150"]
[BlackFideId "419737"]
[EventDate "2015.12.04"]

1. e4 d6 2. d4 Nf6 3. Nc3 g6 4. Bg5 Bg7 5. Bc4 c6 6. a3 Qa5 7. Qd2 b5 8. Ba2
Nbd7 9. f3 Bb7 10. b4 Qb6 11. Nge2 O-O 12. Bh6 Rfd8 13. Bxg7 Kxg7 14. Rd1 a5 15.
g4 h5 16. gxh5 Nxh5 17. Nf4 Rh8 18. Ke2 axb4 19. axb4 Ndf6 20. Rhg1 e5 21. dxe5
dxe5 22. Nxh5+ Rxh5 23. Rh1 Qd4 24. Qxd4 exd4 25. Rxd4 Rah8 26. Rf1 Rxh2+ 27.
Rf2 Rxf2+ 28. Kxf2 Rh2+ 29. Ke3 Rxc2 30. Bxf7 Rxc3+ 31. Ke2 Kxf7 32. Rd8 Ke7 33.
Rb8 Ba6 34. Ra8 Ra3 35. Ra7+ Nd7 36. f4 Ra2+ 37. Kf3 Ra4 38. f5 gxf5 39. exf5
Bc8 40. f6+ Kxf6 41. Rc7 Ne5+ 0-1

[Event "London Classic Open 2015"]
[Site "London ENG"]
[Date "2015.12.10"]
[Round "8.2"]
[White "Postny, Evgeny"]
[Black "Edouard, Romain"]
[Result "1/2-1/2"]
[WhiteTitle "GM"]
[BlackTitle "GM"]
[WhiteElo "2670"]
[BlackElo "2627"]
[WhiteFideId "2804344"]
[BlackFideId "633429"]
[EventDate "2015.12.04"]

1. d4 d5 2. c4 dxc4 3. Nf3 Nf6 4. e3 e6 5. Bxc4 c5 6. O-O a6 7. Qe2 b5 8. Bd3
Bb7 9. dxc5 Nc6 10. a4 b4 11. b3 Bxc5 12. Bb2 Be7 13. Rd1 Qa5 14. Nbd2 O-O 15.
Nc4 Qh5 16. Nfe5 Qxe2 17. Bxe2 Rad8 18. Rac1 Ne4 19. Bf3 f5 1/2-1/2

[Event "London Classic Open 2015"]
[Site "London ENG"]
[Date "2015.12.10"]
[Round "8.3"]
[White "Melkumyan, Hrant"]
[Black "Hillarp Persson, Tiger"]
[Result "1-0"]
[WhiteTitle "GM"]
[BlackTitle "GM"]
[WhiteElo "2654"]
[BlackElo "2521"]
[WhiteFideId "13302485"]
[BlackFideId "1700812"]
[EventDate "2015.12.04"]

1. d4 Nf6 2. Nf3 g6 3. c4 Bg7 4. Nc3 O-O 5. e4 d6 6. h3 e5 7. d5 a5 8. g4 Na6 9.
Be3 Kh8 10. Be2 c6 11. a3 Bd7 12. Nd2 Ng8 13. h4 f5 14. Bg5 Bf6 15. exf5 gxf5
16. gxf5 Bxg5 17. hxg5 Qxg5 18. Nde4 Qxf5 19. Qc2 h6 20. O-O-O Nc5 21. Rh4 cxd5
22. Rxd5 Bc6 23. Rxd6 Rad8 24. Rxd8 Rxd8 25. Rg4 Nd3+ 26. Kb1 Nf4 27. f3 Qh5 28.
Ka2 Qh2 29. Bd1 Qxc2 30. Bxc2 Be8 31. c5 Bf7+ 32. Kb1 Bh5 33. Rg3 Rf8 34. Nd6
Ne6 35. Nxb7 Bxf3 36. Be4 Bxe4+ 37. Nxe4 Rf4 38. Nbd6 Nf6 39. Rg6 Nxe4 40. Rxh6+
Kg7 41. Rxe6 Nxc5 42. Rxe5 Rf1+ 43. Ka2 Nd3 44. Rg5+ Kf6 45. Ne4+ Ke6 46. Nc5+
Kf6 47. Rd5 Nc1+ 48. Kb1 Nb3+ 49. Kc2 Na1+ 50. Kd3 Rf4 51. Ne4+ Ke6 52. Rxa5
Rf3+ 53. Ke2 Rf4 54. Nd2 Rg4 55. Rh5 Nc2 56. Nf3 Nxa3 57. bxa3 Ra4 58. Re5+ 1-0

[Event "London Classic Open 2015"]
[Site "London ENG"]
[Date "2015.12.10"]
[Round "8.4"]
[White "Vishnu Prasanna, V"]
[Black "Lenderman, Aleksandr"]
[Result "0-1"]
[WhiteTitle "GM"]
[BlackTitle "GM"]
[WhiteElo "2514"]
[BlackElo "2626"]
[WhiteFideId "5030692"]
[BlackFideId "2021285"]
[EventDate "2015.12.04"]

1. e4 e6 2. d4 d5 3. Nc3 Nf6 4. e5 Nfd7 5. f4 c5 6. Nf3 Nc6 7. Be3 Be7 8. a3 O-O
9. dxc5 Bxc5 10. Bxc5 Nxc5 11. b4 Nd7 12. Bd3 f6 13. O-O Qb6+ 14. Kh1 Qe3 15.
exf6 Nxf6 16. Qc1 Ng4 17. Qxe3 Nxe3 18. Rfe1 Ng4 19. g3 Nf2+ 20. Kg2 Nxd3 21.
cxd3 Bd7 22. Rac1 Rac8 23. Ne2 a6 24. Ned4 Nxd4 25. Nxd4 Kf7 26. Kf2 Kf6 27. Nf3
h6 28. Ke3 Rfd8 29. Kd4 Bb5 30. Ne5 Be8 31. h3 Bb5 32. g4 Be8 33. Rf1 Ke7 34.
Rce1 Rd6 35. Rc1 Rxc1 36. Rxc1 Kd8 37. h4 Rb6 38. Rc5 Rd6 39. g5 h5 40. Rc1 Rb6
41. Rc2 a5 42. bxa5 Rb3 43. Rc3 Rb5 44. a6 bxa6 45. Nc6+ Kd7 46. Nb4 Rb6 47. Ke5
a5 48. Nc2 Rb1 49. Ne3 Re1 50. Kd4 Rh1 51. Ke5 Rh3 52. Nc2 Bg6 53. Rb3 Bxd3 54.
Kd4 Rf3 55. Rxd3 Rxf4+ 56. Ke3 Rxh4 57. Nd4 Re4+ 58. Kf3 Rg4 59. Rd1 Rxg5 60.
Nb3 Rg4 61. Nxa5 Ra4 62. Nb7 Rxa3+ 63. Kf4 Ra4+ 64. Kg5 Rb4 65. Nc5+ Kd6 66. Nd3
Rd4 67. Kxh5 e5 68. Nf2 Rxd1 69. Nxd1 e4 70. Kg4 Ke5 71. Ne3 d4 72. Nc4+ Kd5 73.
Nb6+ Kc5 74. Nd7+ Kd6 75. Nb6 Kc5 76. Nd7+ Kc6 77. Nb8+ Kc7 78. Na6+ Kb6 79. Nb4
d3 80. Kf4 d2 81. Nd5+ Kc5 82. Ne3 Kd4 83. Nd1 g5+ 84. Kg3 Kd3 85. Kf2 g4 86.
Kf1 e3 0-1

[Event "London Classic Open 2015"]
[Site "London ENG"]
[Date "2015.12.10"]
[Round "8.5"]
[White "Fodor, Tamas Jr."]
[Black "Vakhidov, Jahongir"]
[Result "0-1"]
[WhiteTitle "GM"]
[BlackTitle "GM"]
[WhiteElo "2492"]
[BlackElo "2546"]
[WhiteFideId "723762"]
[BlackFideId "14201801"]
[EventDate "2015.12.04"]

1. d4 d6 2. e4 g6 3. Nf3 Bg7 4. Be2 Bg4 5. c3 Nc6 6. Qb3 Bxf3 7. Bxf3 Qc8 8. Be3
Nf6 9. Nd2 O-O 10. h3 e5 11. dxe5 Nxe5 12. Be2 Re8 13. O-O Ned7 14. Rae1 c6 15.
Bc4 Ne5 16. Be2 Ned7 17. Bc4 Re7 18. f4 Qc7 19. a4 Rae8 20. Bd3 d5 21. e5 Nh5
22. g4 Ng3 23. Rf3 Bxe5 24. fxe5 Nxe5 25. Bf2 Ne4 26. Bxe4 Nxf3+ 27. Bxf3 Rxe1+
28. Bxe1 Rxe1+ 29. Kg2 Qf4 30. Nf1 Rxf1 31. Kxf1 Qxf3+ 32. Ke1 b6 33. a5 Qxh3
34. axb6 Qe3+ 35. Kd1 axb6 36. Qa4 Qd3+ 37. Kc1 Qc4 38. Qa8+ Kg7 39. Qc8 d4 40.
Kd2 Qe6 0-1

[Event "London Classic Open 2015"]
[Site "London ENG"]
[Date "2015.12.10"]
[Round "8.6"]
[White "Gharamian, Tigran"]
[Black "Krishna C R G"]
[Result "1-0"]
[WhiteTitle "GM"]
[BlackTitle "IM"]
[WhiteElo "2654"]
[BlackElo "2367"]
[WhiteFideId "13301527"]
[BlackFideId "5018625"]
[EventDate "2015.12.04"]

1. e4 e6 2. d4 d5 3. Nc3 Bb4 4. e5 c5 5. a3 Bxc3+ 6. bxc3 Qa5 7. Bd2 Qa4 8. Qg4
Kf8 9. Qd1 Nc6 10. Nf3 c4 11. h4 Nge7 12. h5 h6 13. Rh4 Ke8 14. Rf4 Bd7 15. Nh4
Rg8 16. g3 Nd8 17. Bh3 Rc8 18. Rf3 Rc6 19. g4 Rb6 20. Qc1 Rh8 21. Rg3 Ndc6 22.
Rf3 Nd8 23. Rg3 Ndc6 24. f4 Kd8 25. f5 Kc8 26. Rf3 exf5 27. gxf5 Nd8 28. Bf4 Re8
29. Kf2 Rg8 30. Bh2 Nec6 31. Ra2 Qa5 32. a4 Re8 33. Kg2 Rh8 34. Bg3 Rg8 35. Kh2
Re8 36. Qf1 Rg8 37. Qe1 Re8 38. Qc1 Rg8 39. Ng2 Rh8 40. Ra1 Rg8 41. Ra2 Rh8 42.
Qf1 Re8 43. Re3 Re7 44. Nf4 Nxd4 45. cxd4 Qd2+ 46. Re2 Qxd4 47. c3 1-0

[Event "London Classic Open 2015"]
[Site "London ENG"]
[Date "2015.12.10"]
[Round "8.7"]
[White "Wegerle, Joerg"]
[Black "Jumabayev, Rinat"]
[Result "0-1"]
[WhiteTitle "IM"]
[BlackTitle "GM"]
[WhiteElo "2440"]
[BlackElo "2599"]
[WhiteFideId "4644743"]
[BlackFideId "13702661"]
[EventDate "2015.12.04"]

1. e4 c5 2. c3 d5 3. exd5 Qxd5 4. d4 g6 5. Be3 cxd4 6. cxd4 Bg7 7. Nc3 Qd8 8.
Bc4 Nh6 9. Nf3 O-O 10. O-O Bg4 11. Bd5 Nc6 12. h3 Bxf3 13. Qxf3 Nf5 14. Bxc6
bxc6 15. Qxc6 Nxd4 16. Bxd4 Qxd4 17. Rad1 Qb4 18. Nd5 Qxb2 19. Nxe7+ Kh8 20. Qa4
a5 21. Nd5 Ra7 22. Rd3 Qe5 23. Rfd1 Qe8 24. Ra3 h5 25. Ne3 Qe6 26. Qb5 Rfa8 27.
Ra4 Kh7 28. Qd5 Qe8 29. Re4 Qc8 30. Ra4 Qc3 31. Rc4 Qa3 32. Rf4 Rf8 33. Rd3 Qb2
34. g4 hxg4 35. hxg4 Qb8 36. Rf3 Kg8 37. Kg2 Re8 38. Nc4 Qb4 39. a3 Qa4 40. Rfe3
Rf8 41. Re4 Qc2 42. Rd2 Qb1 43. Rd1 Rd7 44. Rxb1 Rxd5 45. Ne3 Rc5 46. Rb7 Bf6
47. a4 Rd8 48. Rb5 Rxb5 49. axb5 Rd4 50. Re8+ Kg7 51. Ra8 Bd8 52. Kf3 Kh6 53.
Nc2 Rd6 54. Ke4 Kg5 55. Ne3 Bb6 56. f4+ Kh4 57. Kf3 Rd8 58. Ra6 Bxe3 59. Kxe3
Kxg4 60. b6 Rd5 61. Ra7 Rb5 62. Rxf7 Rxb6 63. Ra7 Rb3+ 64. Ke4 Rb4+ 65. Ke3 Rxf4
66. Rxa5 g5 67. Ra1 Rf3+ 68. Ke2 Rf5 69. Rg1+ Kh3 70. Rh1+ Kg2 71. Rh5 Rf2+ 72.
Ke1 g4 73. Rg5 g3 74. Rg8 Rf5 75. Ke2 Re5+ 76. Kd3 Kf2 77. Rf8+ Kg1 78. Kd4 0-1

[Event "London Classic Open 2015"]
[Site "London ENG"]
[Date "2015.12.10"]
[Round "8.8"]
[White "Hawkins, Jonathan"]
[Black "Korley, Kassa"]
[Result "1-0"]
[WhiteTitle "GM"]
[BlackTitle "IM"]
[WhiteElo "2569"]
[BlackElo "2389"]
[WhiteFideId "412686"]
[BlackFideId "2033801"]
[EventDate "2015.12.04"]

1. Nf3 Nf6 2. c4 g6 3. Nc3 Bg7 4. e4 d6 5. d4 O-O 6. Be2 Nbd7 7. O-O e5 8. Be3
exd4 9. Nxd4 Nc5 10. f3 b6 11. Qd2 Bb7 12. Rfd1 a5 13. b3 Re8 14. a3 Nh5 15.
Rab1 Be5 16. g3 Ng7 17. b4 axb4 18. axb4 Bxd4 19. Bxd4 Nce6 20. Be3 f5 21. Nd5
fxe4 22. fxe4 Bxd5 23. exd5 Nf8 24. Bg4 Re4 25. Bg5 Qe8 26. Re1 Nf5 27. Bf3
Rxe1+ 28. Rxe1 Qf7 29. Be4 Re8 30. g4 Qg7 31. Kf2 Nd4 32. Kg2 Nd7 33. Qd3 Ra8
34. Kh1 Ra2 35. Bg2 Nc2 36. Re8+ Nf8 37. Re7 Ra1+ 38. Bf1 Qd4 39. Qf3 1-0

[Event "London Classic Open 2015"]
[Site "London ENG"]
[Date "2015.12.10"]
[Round "8.9"]
[White "Williams, Simon K"]
[Black "Dragun, Kamil"]
[Result "1/2-1/2"]
[WhiteTitle "GM"]
[BlackTitle "GM"]
[WhiteElo "2439"]
[BlackElo "2564"]
[WhiteFideId "404454"]
[BlackFideId "1134167"]
[EventDate "2015.12.04"]

1. e4 c5 2. b4 cxb4 3. a3 d5 4. exd5 Qxd5 5. Nf3 e5 6. axb4 Bxb4 7. Na3 Nc6 8.
Nb5 Qd8 9. c3 Be7 10. d4 exd4 11. Bf4 Kf8 12. Bc4 Bg4 13. O-O a6 14. Nbxd4 Nxd4
15. cxd4 g5 16. Be5 f6 17. h3 Bh5 18. g4 fxe5 19. gxh5 e4 20. Ne5 Nh6 21. f4 Kg7
22. fxg5 Bxg5 23. Kh1 Rf8 24. Rxf8 Qxf8 25. Qb3 Qe7 26. Rg1 Kh8 27. Qg3 Bf6 28.
Qf4 Bg7 29. Qxe4 Re8 30. Bd3 Bf6 31. Rg6 Ng8 32. h6 Qc7 33. Rg7 Qc1+ 34. Rg1 Qc7
35. Ng6+ hxg6 36. Qxe8 Bxd4 37. h7 Qxh7 38. Rg3 Qe7 39. Qxe7 Nxe7 40. Bxg6 Nxg6
41. Rxg6 b6 42. Rd6 Bc5 43. Rd7 b5 44. Rc7 Bd4 45. Rb7 Bc3 46. Rb6 b4 47. Rxa6
b3 48. Rb6 b2 49. Rb7 Bg7 50. Kg2 Kh7 51. Kf3 Kg6 52. Kg4 Bd4 53. h4 Kh6 54. h5
Bc3 55. Rb6+ Kh7 56. Kg5 Bd2+ 57. Kf5 Bc3 58. Ke4 Bg7 59. Rxb2 1/2-1/2

[Event "London Classic Open 2015"]
[Site "London ENG"]
[Date "2015.12.10"]
[Round "8.10"]
[White "Koop, Thorben"]
[Black "Baron, Tal"]
[Result "0-1"]
[WhiteTitle "FM"]
[BlackTitle "GM"]
[WhiteElo "2418"]
[BlackElo "2544"]
[WhiteFideId "24661619"]
[BlackFideId "2809958"]
[EventDate "2015.12.04"]

1. d4 Nf6 2. c4 e6 3. g3 d5 4. Nf3 dxc4 5. Bg2 Nc6 6. Qa4 Bb4+ 7. Bd2 Nd5 8. Qb5
O-O 9. Qxc4 Nb6 10. Qc1 Bd6 11. O-O e5 12. dxe5 Nxe5 13. Rd1 Qe7 14. Nc3 Nec4
15. Bf4 Bxf4 16. Qxf4 Nxb2 17. Rd4 Be6 18. Ng5 c6 19. Nce4 Rad8 20. Rb4 N2c4 21.
Nxh7 Nd5 22. Rxb7 Qxb7 23. Qh4 Qb2 24. Rd1 Nde3 25. fxe3 Rxd1+ 26. Kf2 Nd2 27.
Nef6+ gxf6 28. g4 Qe5 29. Nxf6+ Qxf6+ 30. Qxf6 Rf1+ 0-1

[Event "London Classic Open 2015"]
[Site "London ENG"]
[Date "2015.12.10"]
[Round "8.11"]
[White "Sadzikowski, Daniel"]
[Black "McDonald, Neil"]
[Result "1-0"]
[WhiteTitle "IM"]
[BlackTitle "GM"]
[WhiteElo "2506"]
[BlackElo "2417"]
[WhiteFideId "1132253"]
[BlackFideId "400629"]
[EventDate "2015.12.04"]

1. d4 f5 2. g3 Nf6 3. Bg2 e6 4. c4 d5 5. Nd2 Nc6 6. Ngf3 Bd6 7. O-O O-O 8. a3 a5
9. b3 Ne4 10. Bb2 Kh8 11. Qc2 Bd7 12. Rac1 Be8 13. e3 Qf6 14. Ne1 Bh5 15. f3
Nxg3 16. hxg3 Bxg3 17. f4 Qh6 18. Ndf3 Rf6 19. Nd3 Rg6 20. Bc3 a4 21. Be1 Bxf3
22. Rxf3 axb3 23. Qb2 Qh2+ 24. Kf1 dxc4 25. Rxc4 Bxe1 26. Nxe1 Qh4 27. Qxb3 Na5
28. Ra4 Qd8 29. Qc3 c6 30. Rb4 b5 31. a4 Rb8 32. Rh3 h6 33. Nd3 Nc4 34. Bxc6 Qa5
35. Rxc4 1-0